| 000 | 00785nam a2200277 a 4500 | ||
|---|---|---|---|
| 001 | 41717 | ||
| 003 | AR-BaAGN | ||
| 005 | 20231206125359.0 | ||
| 007 | ta | ||
| 008 | 220625s1988 ag |||||r|||| ||||||spa d | ||
| 040 |
_dAR-BaAGN _aAR-BaAGN _bspa _eaacr |
||
| 100 | 1 | _aCracogna, Manuel I. | |
| 245 | 1 | 0 | _aLa colonial nacional Presidente Avellaneda y su tiempo |
| 250 | _a1ª ed. | ||
| 260 |
_aSanta Fe : _bMunicipalidad de Avellaneda, _c1988. |
||
| 300 |
_a255 páginas : _bil., fot. |
||
| 336 |
_2rdacontent _btxt |
||
| 337 |
_2rdamedia _bn |
||
| 338 |
_2rdacarrier _bnc |
||
| 600 | 1 | 4 |
_aAvellaneda, Nicolás, _d1837-1885 _94483 |
| 650 | 4 |
_aINMIGRACIÓN _91530 |
|
| 651 | 4 |
_aColonia Avellaneda _96773 |
|
| 651 | 4 |
_aSanta Fe (Provincia) _9383 |
|
| 942 | _cLIBRO | ||
| 999 |
_c41717 _d41717 |
||